Mines and mineral resources of Los Angeles County, Orange County, Riverside County, (Record no. 25790)

MARC details
000 -LEADER
fixed length control field 00968cam a22002531 4500
001 - CONTROL NUMBER
control field gs 17000386
003 - CONTROL NUMBER IDENTIFIER
control field DLC
005 - DATE AND TIME OF LATEST TRANSACTION
control field 20260227111321.0
008 - FIXED-LENGTH DATA ELEMENTS--GENERAL INFORMATION
fixed length control field 790411s1917 cauab b s001 0 eng c
010 ## - LIBRARY OF CONGRESS CONTROL NUMBER
LC control number gs 17000386
035 ## - SYSTEM CONTROL NUMBER
System control number (OCoLC)4846014
040 ## - CATALOGING SOURCE
Original cataloging agency U.S. Geol. Survey
Transcribing agency MiDW
Modifying agency DLC
042 ## - AUTHENTICATION CODE
Authentication code premarc
050 00 - LIBRARY OF CONGRESS CALL NUMBER
Classification number TN24.C2
Item number M4
100 1# - MAIN ENTRY--PERSONAL NAME
Personal name Merrill, Frederick J. H.
Fuller form of name (Frederick James Hamilton),
Dates associated with a name 1861-1916.
245 00 - TITLE STATEMENT
Title Mines and mineral resources of Los Angeles County, Orange County, Riverside County,
Statement of responsibility, etc. by Frederick J. H. Merrill.
260 ## - PUBLICATION, DISTRIBUTION, ETC.
Place of publication, distribution, etc. Sacramento,
Name of publisher, distributor, etc. California state printing office, 1917.
300 ## - PHYSICAL DESCRIPTION
Extent 136 p.
Other physical details illus., fold. tables
Dimensions 23 cm.
500 ## - GENERAL NOTE
General note At head of title: California. State Mining Bureau.
500 ## - GENERAL NOTE
General note "Chapters of state mineralogist's report, biennial period, 1915-1916."
504 ## - BIBLIOGRAPHY, ETC. NOTE
Bibliography, etc. note Contains bibliographies.
650 #0 - SUBJECT ADDED ENTRY--TOPICAL TERM
Topical term or geographic name entry element Mines and mineral resources
Geographic subdivision California.
710 2# - ADDED ENTRY--CORPORATE NAME
Corporate name or jurisdiction name as entry element California State Mining Bureau.

No items available.

Powered by Koha